000 00379nam a2200145Ia 4500
008 230711s9999||||xx |||||||||||||| ||und||
041 _aENG
082 _a624
_bCH-F
100 _aChorlton,Frank
245 0 _aTextbook of fluid dynamics
250 _a1st Ed.
260 _c1985
_aNew Delhi
_bCBS Publishers & Distributors Pvt.Ltd
650 _aMechanical Engineering
942 _cBK
999 _c2583
_d2583